| 000 | 00468nam a22001817a 4500 | ||
|---|---|---|---|
| 005 | 20140310090814.0 | ||
| 008 | 140310b xxu||||| |||| 00| 0 eng d | ||
| 020 | _a9781934800003 | ||
| 080 | _a512.1 | ||
| 245 | _aBridge to Algebra/ | ||
| 250 | _a1 st. ed.; | ||
| 260 |
_aAmerica _bCarnegie Learning _c2008 |
||
| 300 |
_a571 f.: _bme il.; _c27 cm |
||
| 500 | _aPƫrfshin indeksin ([568-571]) | ||
| 650 | _aAlgjebra Elementare | ||
| 650 | _aUshtrime | ||
| 942 |
_2udc _cBK |
||
| 999 |
_c413 _d413 |
||